Evaluación de enraizadores en el cultivo de yuca / (Registro nro. 3990)

000 -CABECERA
Campo de control de longitud fija 00692nam a22001697a 4500
005 - FECHA Y HORA DE LA ÚLTIMA TRANSACCIÓN
Campo de control 20160808144405.0
008 - CAMPO FIJO DE DESCRIPCIÓN FIJA--INFORMACIÓN GENERAL
Campo de control de longitud fija 030206s2002 ck 000 0 spa d
090 ## - CAMPOS LOCALES
Número de clasificación (OCLC) ; Número de clasificación,LLAMADA (RLIN) 00147
Signatura local (OCLC) ; Signatura sin dividir, número de libro, CALL (RLIN) AGR 2004
100 ## - ENCABEZAMIENTO PRINCIPAL--NOMBRE PERSONAL
Nombre de persona Fernandez Andradre, Victor Adolfo
9 (RLIN) 746
245 00 - TÍTULO PROPIAMENTE DICHO
Título Evaluación de enraizadores en el cultivo de yuca /
Mención de responsabilidad, etc. Victor Adolfo Fernandez Andradre
260 ## - PUBLICACIÓN, DISTRIBUCIÓN, ETC (PIE DE IMPRENTA)
Lugar de publicación, distribución, etc. Honduras, San Pedro Sula :
Nombre del editor, distribuidor, etc. Universidad de San Pedro Sula,
Fecha de publicación, distribución, etc. 2004.
300 ## - DESCRIPCIÓN FÍSICA
Extensión 82 p.
500 ## - NOTA GENERAL
Nota general Monografía en Bodega
502 ## - NOTA DE TESIS
Programa Académico Ingeniero Agronomo Administrativo /
Nombre de la institución que otorga el título Universidad de San Pedro Sula,
650 04 - ASIENTO SECUNDARIO DE MATERIA--TÉRMINO DE MATERIA
Fuente del encabezamiento o término LEMB
Nombre de materia o nombre geográfico como elemento de entrada INGENIERO AGRONOMO-AGRONOMIA-AGRICULTURA
9 (RLIN) 655
942 ## - ELEMENTOS KOHA
Fuente de clasificación o esquema de ordenación en estanterías
Koha tipo de item Monografía
Parte de Clasificación 00147 AGR 2004
Existencias
Asignatura Fuente de clasificación o esquema Tipo de Descarte Fecha de Descarte Estado Ejemplar Colección Signatura completa Código de barras Fecha adquisición Formato de Material Mostrar en OPAC Localización permanente Localización actual Disponibilidad Fecha última consulta
USAP Desactualizado2016-08-08Sin préstamoEj. 1Hemeroteca00147 AGR 2004111922014-10-06Papel Biblioteca Central Biblioteca Central NULL2014-10-06
USAP Desactualizado2016-08-08Sin préstamoEj. 2Hemeroteca00147 AGR 2004111932014-10-06Papel Biblioteca Central Biblioteca Central NULL2014-10-06

Campus Universitario - Ave. Circunvalación - San Pedro Sula, Honduras, C.A. / Tel: +504 2561.8777 / Fax: +504 2561.8787 / Email: info@usap.edu
Todos los Derechos Reservados. © MMXIII Universidad de San Pedro Sula